01787nam a2200337 i 450000100060000000300100000600500170001600700030003300800410003602000180007704000350009504100080013004300120013808400120015010000420016224500990020425000580030326400360036130000480039733600290044533700330047433800280050750000470053552006310058252100530121365000510126665000400131765000440135765000250140170000230142657526CO-BoRNBP20250709121758.0ta231121s2023 ck a|||jr|||| 000 1|spa d a9786287609099 aCO-BoRNBPbspaerdacCO-BoRNBP0 aspa as-ck--- aC VEL13 aVelásquez Guiral, Marcela,d1984- ,10aA mediodía llovían pájaroscMarcela Guiral Velásquez ; ilustraciones Alejandra Estrada aEdición especial para el Ministerio de las Culturas 1aBogotá, ColombiabBabelc2023 a259 páginasbilustraciones a colorc19 cm atextobtxt2rdacontenido asin mediaciónbn2rdamedio avolumenbnc2rdasoporte aIncluye datos biográficos de los autores3 aUn pueblo en medio de las montañas de Colombia, un bosque antes habitado por mariposas azules, ahora un bosque y un pueblo de pájaros. Pájaros que no solo hacen parte de la vida diaria, pájaros que dictan la actuación y determinan el futuro de los habitantes con quienes comparten el pueblo. Hubo antes una guerra que acabó con las mariposas; ahora, llega hasta el pueblo lo peor de otra guerra y nuevamente la naturaleza, esta vez representada por los pájaros, lleva la peor parte y a la vez representa la salvación. Una historia que se repite, un pueblo que aprende de su pasado. (Tomado a partes del texto). aRecomendado para un público mayor de 12 años10aCuentos juveniles colombianosySiglo XXI2LEMB10aLiteratura Juvenil Colombiana2LEMB17aConflicto armado en la literatura2LEMB17aAveszColombia2LEMB aEstrada, Alejandro